Edison : The Man and his work

Đã lưu trong:
Sonraí Bibleagrafaíochta
Príomhúdar: Bryan, George S.
Formáid: Leabhar
Teanga:Undetermined
Foilsithe: London Garden City Publishing Company, INC. 1926
Ábhair:
Clibeanna: Cuir Clib Leis
Gan Chlibeanna, Bí ar an gcéad duine leis an taifead seo a chlibeáil!
Thư viện lưu trữ: Trung tâm Học liệu Trường Đại học Cần Thơ
LEADER 00564nam a2200217Ia 4500
001 CTU_84497
008 210402s9999 xx 000 0 und d
082 |a 621.3 
082 |b B915 
100 |a Bryan, George S. 
245 0 |a Edison : 
245 4 |b The Man and his work 
245 0 |c George S. Bryan 
260 |a London 
260 |b Garden City Publishing Company, INC. 
260 |c 1926 
650 |a Inventors 
650 |x Biography 
650 |z United States 
904 |i Qhieu(sửa) 
980 |a Trung tâm Học liệu Trường Đại học Cần Thơ